000 00345nam a22001337a 4500
008 170411b xxu||||| |||| 00| 0 eng d
020 _a9781308198897
050 _aHF 5635
_b.F56 2015
245 _aFinancial Accounting/
_bACCT 2111
260 _aUSA
_bMcGrawHill
_c2015
300 _avi,688p
_c29cm
500 _aincludes index
942 _2lcc
_cBK
999 _c49940
_d49940